书目信息 |
| 题名: |
法律的道德批判
|
|
| 作者: | 曹刚 | |
| 分册: | ||
| 出版信息: | 南昌 江西人民出版社 2001 |
|
| 页数: | 250 | |
| 开本: | 20cm | |
| 丛书名: | ||
| 单 册: | ||
| 中图分类: | D90-053 | |
| 科图分类: | ||
| 主题词: | 法的理论 , 法学 | |
| 电子资源: | ||
| ISBN: | 7-210-02448-4 | |
| 000 | 00509nam0 2200193 450 | |
| 001 | 0760515518 | |
| 005 | 20070817164835.51 | |
| 010 | @a7-210-02448-4@d¥17.00 | |
| 100 | @a20070817d km y0chiy0120 ea | |
| 101 | 0 | @achi |
| 200 | 1 | @a法律的道德批判@Afa lu de dao de pi pan@f曹刚@Fcao gang |
| 210 | @a南昌@c江西人民出版社@d2001 | |
| 215 | @a250@d20cm | |
| 606 | 0 | @a法的理论 |
| 606 | 0 | @a法学 |
| 690 | @aD90-053@v3 | |
| 701 | 0 | @a曹刚@Acao gang |
| 801 | 0 | @aCN@bPFT@c20070817 |
| 905 | @a213230@dD90-053@eg30@f1 | |
| 法律的道德批判/曹刚.-南昌:江西人民出版社,2001 |
| 250;20cm |
| ISBN 7-210-02448-4:¥17.00 |
| ● |
| 相关链接 |
|
|
|
|
正题名:法律的道德批判
索取号:D90-053/g30
 
预约/预借
| 序号 | 登录号 | 条形码 | 馆藏地/架位号 | 状态 | 备注 |
| 1 | 6500728 | 265007280 | 密集书库-海洋学院/ [索取号:D90-053/g30] | 在馆 |